Normal view
MARC view
- المواد الخطرة -- تدابير السلامة -- الأردن -- المباني -- مواصفات معيارية -- الأردن
Entry Topical Term
001 - CONTROL NUMBER
- control field: 51686
003 - CONTROL NUMBER IDENTIFIER
- control field: JO-AjAnu
005 - DATE AND TIME OF LATEST TRANSACTION
- control field: 20230606082512.0
008 - FIXED-LENGTH DATA ELEMENTS
- fixed length control field: 230606|| aca||aabn | a|a d
040 ## - CATALOGING SOURCE
- Original cataloging agency: JO-AjAnu
- Transcribing agency: JO-AjAnu
150 ## - HEADING--TOPICAL TERM
- Topical term or geographic name entry element: المواد الخطرة -- تدابير السلامة -- الأردن -- المباني -- مواصفات معيارية -- الأردن
670 ## - SOURCE DATA FOUND
- Source citation: Work cat.: (JO-AjAnu)26417: الأردن. وزارة الأشغال العامة والإسكان. مجلس البناء الوطني الأردني, author 51685, مجلس البناء الوطني الأردني، وزارة الأشغال العامة والإسكان: كودة المتطلبات الأساسية لأماكن تخزين المواد الخطرة